00225 a2200109 4500001000700000020000600007040001100013100001700024240003500041245003000076362000900106169249 a  cMagnum aDubois, Jean10aDicionario de linguisticalpor10aDicionario de linguistica0 a1899